000
00338nam a2200145Ia 4500
008
230718s9999 xx 000 0 und d
041
_a
Eng.
082
_a
345.5
_b
SOD-P
100
_a
Sodhi,Khurshid Ahmed
245
0
_a
Pakistan Penal code
260
_a
Pakistan
_b
Punjab law book
_c
2015
300
_a
622
650
_a
Law
999
_c
30651
_d
30651